000 00686cam a22002533a 4500
001 8445
003 PGUSA
005 20140828083156.0
008 050701s2005||||xxu|||||s|||||000 1 eng d
040 _aPGUSA
_beng
042 _adc
050 4 _aPT
100 1 _aHamsun, Knut,
_d1859-1952
245 1 0 _aLook Back on Happiness
_h[electronic resource] /
_cKnut Hamsun
260 _bProject Gutenberg,
_c2005
506 _aPublic domain in the USA.
516 _aElectronic text
653 _aNorway -- Fiction
700 1 _aWiking, Paula
740 0 _aSiste glæde. English
830 0 _aProject Gutenberg
_v8445
856 4 0 _uhttp://www.gutenberg.org/ebooks/8445
942 _cEB
999 _c237745
_d237745